[Event "Challenge"]
[Site "http://www.queenalice.com/game.php?id=818900"]
[Date "2010.8.16"]
[Round "-"]
[White "wanderporto"]
[Black "purus26"]
[Result "1-0"]
[WhiteElo "1314"]
[BlackElo "1073"]

1. g3 e5 2. Bg2 Nf6 3. e4 Bb4 4. c3 h6 5. cxb4 d6 6. Qa4+ Bd7 7. Qb3 Be6 8. Qc3
Nxe4 9. Bxe4 Na6 10. Bxb7 Rc8 11. Qc6+ Qd7 12. Qxa6 Rb8 13. Qxa7 Rd8 14. f4 exf4
15. Qd4 Rb8 16. Qxg7 Rf8 17. d4 Rxb7 18. Nh3 Bxh3 19. Qxh6 Qe6+ 20. Qxe6+ fxe6
21. Bxf4 Rxb4 22. Nd2 Rxb2 23. Ne4 Bg4 24. O-O Re2 25. Nd2 e5 26. dxe5 Bh3 27.
Rab1 Bxf1 28. Kxf1 Rxh2 29. Rb8+ Kf7 30. Rb7 Rh1+ 31. Kg2 dxe5 32. Bxe5 Re1 33.
Rxc7+ Ke8 34. Bd6 Re2+ 35. Kh3 Rf5 36. Rc8+ Kd7 37. Rf8 Rd5 38. Nc4 Ke6 39. Bc7
Rc5 40. Re8+ Kd7 41. Rxe2 Rxc4 42. Bf4 Rc8 43. g4 Rc4 44. Rf2 Rc3+ 45. Kg2 Ra3
46. Rd2+ Ke6 47. g5 Kf5 48. Rd5+ Kxf4 49. g6 Rxa2+ 50. Kh3 Ra4 51. Kh4 Ke4 52.
Rd7 Kf5+ 53. Kh5 Rg4 54. Rf7+ 1-0

[Event "xambin"]
[Site "http://www.queenalice.com/game.php?id=819936"]
[Date "2010.8.18"]
[Round "-"]
[White "purus26"]
[Black "NewKid"]
[Result "0-1"]
[WhiteElo "1100"]
[BlackElo "1899"]

1. e3 e5 2. Nf3 e4 3. Ne5 d6 4. Bb5+ c6 5. Bf1 dxe5 6. g3 Nf6 7. Nc3 Bg4 8. Be2
Bxe2 9. Qxe2 Bb4 10. Nb1 Na6 11. c3 Be7 12. Na3 Nc5 13. Nc4 Nd3+ 14. Kf1 Qd7 15.
f4 Qh3+ 16. Kg1 exf4 17. Na5 f3 18. Qf1 f2+ 0-1

[Event "Challenge"]
[Site "http://www.queenalice.com/game.php?id=820016"]
[Date "2010.8.18"]
[Round "-"]
[White "vasileC"]
[Black "purus26"]
[Result "1-0"]
[WhiteElo "1807"]
[BlackElo "1041"]

1. e4 e6 2. e5 d6 3. Nf3 f6 4. d4 fxe5 5. dxe5 Nc6 6. Bb5 dxe5 7. Nxe5 Qd6 8.
Qxd6 cxd6 9. Nxc6 Kf7 10. Nd4 a6 11. Be2 d5 12. O-O Bc5 13. Nf3 d4 14. Bd3 Nf6
15. Ne5+ Ke7 16. a3 Rd8 17. Bg5 h6 18. Bf4 Bd6 19. Ng6+ Kf7 20. Bxd6 Rxd6 21.
Nd2 Bd7 22. Nc4 Rd5 23. Nb6 Ra7 24. Nxd5 Nxd5 25. Ne5+ Ke7 26. Rae1 Ba4 27. b3
Bb5 28. a4 Be8 29. Nf3 g5 30. Nxd4 Nc3 31. Rxe6+ Kd7 32. Rxh6 1-0

[Event "Challenge"]
[Site "http://www.queenalice.com/game.php?id=820017"]
[Date "2010.8.18"]
[Round "-"]
[White "purus26"]
[Black "vasileC"]
[Result "0-1"]
[WhiteElo "1100"]
[BlackElo "1775"]

1. e3 e5 2. Nf3 e4 3. Ng1 d5 4. Bb5+ c6 5. Bf1 Bc5 6. d3 Nf6 7. dxe4 Nxe4 8. f3
Nf6 9. Nh3 O-O 10. Ng5 h6 11. Nh3 Re8 12. Bd3 Bxe3 13. Bxe3 Rxe3+ 14. Kd2 d4 15.
c3 c5 16. cxd4 Qxd4 17. Nc3 Rxd3+ 18. Ke2 Rxd1 19. Nxd1 Qc4+ 0-1

[Event "AUTO-OPEN-2077"]
[Site "http://www.queenalice.com/game.php?id=820523"]
[Date "2010.8.19"]
[Round "1"]
[White "Vetao"]
[Black "purus26"]
[Result "1-0"]
[WhiteElo "1753"]
[BlackElo "1041"]

1. e4 e5 2. Bc4 Bb4 3. Qh5 g6 4. Qxe5+ Qe7 5. Qxh8 Qc5 6. Qxg8+ Qf8 7. Bxf7+ Ke7
8. Qxh7 Qxf7 9. Qh3 Qc4 10. c3 Ba5 11. d3 Qe6 12. Bg5+ Kd6 13. Qg3+ Kc6 14. b4
Bb6 15. Ne2 a5 16. O-O axb4 17. cxb4 Kb5 18. Nec3+ Kc6 19. b5+ Kc5 20. Be3+ Kb4
21. a3+ Kb3 22. Bd2 Kb2 23. Na4+ Kxa1 24. Nbc3# 1-0

[Event "AUTO-OPEN-2077"]
[Site "http://www.queenalice.com/game.php?id=820524"]
[Date "2010.8.19"]
[Round "1"]
[White "purus26"]
[Black "Vetao"]
[Result "0-1"]
[WhiteElo "1041"]
[BlackElo "1751"]

1. e3 e5 2. Nf3 e4 3. Nd4 Qf6 4. c3 c6 5. Qg4 Ne7 6. Qxe4 d5 7. Qd3 Nd7 8. e4
dxe4 9. Qxe4 Nc5 10. Qe2 Be6 11. a3 Nf5 12. Nf3 Bd6 13. b4 Nb3 14. Bb2 O-O 15.
Ra2 Rae8 16. h3 Bd5 17. d3 Rxe2+ 18. Bxe2 Re8 19. Ng1 Bxg2 20. Rh2 Bxh2 21. Nf3
Bxf3 0-1

[Event "AUTO-OPEN-2077"]
[Site "http://www.queenalice.com/game.php?id=820535"]
[Date "2010.8.19"]
[Round "1"]
[White "purus26"]
[Black "maurice91"]
[Result "0-1"]
[WhiteElo "1100"]
[BlackElo "1768"]

1. e3 e5 2. Nf3 e4 3. Ng1 d5 4. Bb5+ c6 5. Ba4 Nf6 6. f3 Bf5 7. Ne2 Na6 8. Nf4
Bd6 9. Ne2 exf3 10. Nec3 fxg2 11. Rg1 Bh3 12. Qf3 Qd7 13. Kf2 Ng4+ 14. Ke1 Nxh2
15. d3 Nxf3+ 16. Kf2 Nxg1 17. Kxg1 Qg4 18. e4 Qg3 19. a3 Qe1# 0-1

[Event "AUTO-OPEN-2077"]
[Site "http://www.queenalice.com/game.php?id=820536"]
[Date "2010.8.19"]
[Round "1"]
[White "maurice91"]
[Black "purus26"]
[Result "1-0"]
[WhiteElo "1863"]
[BlackElo "1041"]

1. c4 Nf6 2. d4 e6 3. Nc3 Bb4 4. f4 Bxc3+ 5. bxc3 Ne4 6. Qd3 Qh4+ 7. g3 Qf6 8.
Qxe4 Nc6 9. Bd2 Na5 10. e3 Nxc4 11. Bxc4 Qe7 12. Bb3 Qa3 13. Ne2 Qb2 14. Rd1 Qa3
15. O-O a5 16. Bc1 Qd6 17. c4 f5 18. Qg2 Rf8 19. Nc3 Qb4 20. Na4 h5 21. Qh3 Qd6
22. Qxh5+ Rf7 23. d5 exd5 24. Rxd5 Qb4 25. Rxf5 g6 26. Qxg6 Qe7 27. Rxf7 Qxf7
28. Qxf7+ Kxf7 29. e4 b6 30. e5 Rb8 31. f5 d6 32. exd6 cxd6 33. c5+ Kf6 34. cxb6
Bxf5 35. g4 Rd8 36. Rxf5+ Kg6 37. Bf7+ Kg7 38. Bb2+ Kf8 39. h4 Ke7 40. h5 Rf8
41. b7 Rb8 42. Bd5 Kd8 43. Rf8+ Kc7 44. Rxb8 Kxb8 45. Ba3 Kc7 46. h6 1-0

[Event "Challenge"]
[Site "http://www.queenalice.com/game.php?id=833821"]
[Date "2010.9.16"]
[Round "-"]
[White "kleberrocha"]
[Black "purus26"]
[Result "0-1"]
[WhiteElo "1040"]
[BlackElo "1041"]

1. e3 Nf6 2. b4 e5 3. a3 Nc6 4. Nc3 e4 5. g3 d6 6. Nge2 Be7 7. d3 exd3 8. cxd3
Ng8 9. Bb2 Bf6 10. d4 Bg4 11. d5 Nb8 12. h3 Bf3 13. Nb5 Bxh1 14. h4 Bxb2 15. Rb1
Be5 16. Rc1 c6 17. dxc6 bxc6 18. Nbd4 Qc7 19. Nf5 g6 20. Ng7+ Bxg7 21. Nf4 Qb7
22. Rc4 Qb5 23. h5 gxh5 24. Nxh5 Bb2 25. g4 Bd5 26. a4 Qb7 27. Rc2 Bb3 28. Qb1
Qxb4+ 0-1

[Event "Challenge"]
[Site "http://www.queenalice.com/game.php?id=842371"]
[Date "2010.10.6"]
[Round "-"]
[White "marcito"]
[Black "purus26"]
[Result "1-0"]
[WhiteElo "1431"]
[BlackElo "1077"]

1. e4 e5 2. Nc3 d6 3. Nf3 Be6 4. b3 Qd7 5. Ng5 f6 6. Nxe6 Qxe6 7. Bc4 Qe7 8. Nd5
Qd7 9. d3 Ne7 10. O-O Nc8 11. d4 c6 12. Ne3 exd4 13. Qxd4 c5 14. Qc3 Qe7 15. h4
g6 16. Nd5 Qxe4 17. Nxf6+ 1-0

[Event "AUTO-BEG-439"]
[Site "http://www.queenalice.com/game.php?id=857587"]
[Date "2010.11.11"]
[Round "1"]
[White "Deca10"]
[Black "purus26"]
[Result "1-0"]
[WhiteElo "1501"]
[BlackElo "1142"]

1. e4 e5 2. Nf3 Bb4 3. c3 Bd6 4. Bc4 c6 5. d4 exd4 6. Qxd4 Bf8 7. Ng5 f6 8. Nf7
Qe7 9. Nxh8 c5 10. Qd1 Qxe4+ 11. Qe2 Qxe2+ 12. Kxe2 Ne7 13. Nf7 Nec6 14. Bf4 1-0

[Event "AUTO-BEG-439"]
[Site "http://www.queenalice.com/game.php?id=857588"]
[Date "2010.11.11"]
[Round "1"]
[White "purus26"]
[Black "Deca10"]
[Result "0-1"]
[WhiteElo "1139"]
[BlackElo "1553"]

1. e4 e5 2. Be2 Nf6 3. Bd3 Bc5 4. c3 d6 5. b4 Bb6 6. Be2 Nxe4 7. Bh5 Nxf2 8.
Qa4+ Bd7 9. Qb3 O-O 10. h4 Nxh1 11. Nf3 Ng3 12. Bg4 Bxg4 13. Ng5 Qf6 14. Nf3
Bxf3 15. d4 Bxg2 16. Kd1 Ne4 17. Ke2 Bf3+ 18. Ke3 Qf4+ 19. Kd3 Qxc1 0-1